[Event "Geller Memorial op-A 6th"]
[Site "Odessa"]
[Date "2010.08.26"]
[Round "6"]
[White "Solovjov, Pavel"]
[Black "Boldysh, Maxim"]
[Result "1-0"]
[WhiteElo "2139"]
[BlackElo "1815"]
[PlyCount "73"]
[EventDate "2010.08.21"]
[EventType "swiss"]
[EventRounds "9"]
[EventCountry "UKR"]
[SourceTitle "CBM 138 Extra"]
[Source "ChessBase"]
[SourceDate "2010.10.29"]
[SourceVersion "1"]
[SourceVersionDate "2010.10.29"]
[SourceQuality "1"]

1. e4 c5 2. Nf3 e6 3. d4 cxd4 4. Nxd4 a6 5. c4 d6 6. Be2 Nf6 7. Nc3 Be7 8. 0-0 b6 9. f4 Bb7 10. Bf3 Qc7 11. Qe2 0-0 12. Be3 Nbd7 13. Nb3 Rac8 14. Nd2 Rfd8 15. g4 Bc6 16. g5 Ne8 17. h4 Qb7 18. h5 b5 19. g6 b4 20. gxf7+ Kxf7 21. f5 exf5 22. Nd5 Bxd5 23. exd5 Nef6 24. Bd4 Nf8 25. Qe6+ Ke8 26. Qxf5 N8d7 27. Rae1 Kf8 28. Bg4 Ne5 29. Rxe5 dxe5 30. Qxh7 Ke8 31. Qg6+ Kf8 32. Be6 Bc5 33. Rxf6+ gxf6 34. Bxc5+ Rxc5 35. Qg8+ Ke7 36. Qf7+ Kd6 37. Ne4# 1-0

[Event "Geller Memorial op-A 6th"]
[Site "Odessa"]
[Date "2010.08.22"]
[Round "2"]
[White "Shchuka, Fedor"]
[Black "Solovjov, Pavel"]
[Result "1-0"]
[WhiteElo "1944"]
[BlackElo "2139"]
[PlyCount "47"]
[EventDate "2010.08.21"]
[EventType "swiss"]
[EventRounds "9"]
[EventCountry "UKR"]
[SourceTitle "CBM 138 Extra"]
[Source "ChessBase"]
[SourceDate "2010.10.29"]
[SourceVersion "1"]
[SourceVersionDate "2010.10.29"]
[SourceQuality "1"]

1. e4 c5 2. c3 d5 3. exd5 Qxd5 4. d4 Nf6 5. Nf3 Bg4 6. Be2 e6 7. h3 Bh5 8. Be3 cxd4 9. cxd4 Be7 10. Nc3 Qd8 11. Qb3 b6 12. Bb5+ Kf8 13. Ne5 Qd6 14. 0-0 a6 15. Bd3 Nbd7 16. f4 Bg6 17. Be2 Qb4 18. Bf3 Rc8 19. Rac1 Qxb3 20. axb3 Bd6 21. Ne4 Bc7 22. Nd6 Ke7 23. Nxc8+ Rxc8 24. Bb7 1-0